| 000 | 00000nam 2200000zi 4500 |
| 001 | 9.936780 |
| 003 | CaOODSP |
| 005 | 20240716141425 |
| 006 | m o d f |
| 007 | cr |n||||||||| |
| 008 | 240415t20242024onc o f00| 0 fre d |
| 020 | |a9780660713724 |
| 040 | |aCaOODSP|bfre|erda|cCaOODSP |
| 043 | |an-cn--- |
| 086 | 1 |aPS9-35/2024F-PDF |
| 245 | 00|aAdaptation à l'évolution des menaces : |brésumé des approches en matière de sécurité et de résilience des infrastructures essentielles du Groupe des 5 partenaires. |
| 264 | 1|a[Ottawa] : |bSécurité publique Canada = Public Safety Canada, |c2024. |
| 264 | 4|c©2024 |
| 300 | |a1 ressource en ligne (35 pages) |
| 336 | |atexte|btxt|2rdacontent/fre |
| 337 | |ainformatique|bc|2rdamedia/fre |
| 338 | |aressource en ligne|bcr|2rdacarrier/fre |
| 500 | |aPublié aussi en anglais sous le titre : Adapting to evolving threats: a summary of Critical 5 approaches to critical infrastructure security and resilience. |
| 500 | |a« En partenariat avec les gouvernements de : l'Australie, du Canada, de la Nouvelle-Zélande, du Royaume-Uni et des États-Unis. » |
| 500 | |aEn tête du titre : Groupe des 5 Partenaires. |
| 504 | |aComprend des références bibliographiques. |
| 650 | 6|aSécurité nationale|zCanada. |
| 650 | 6|aInfrastructure (Économie politique)|zCanada. |
| 650 | 6|aCoopération internationale. |
| 710 | 1 |aCanada. |bSécurité publique Canada, |eorganisme de publication. |
| 775 | 08|tAdapting to evolving threats : |w(CaOODSP)9.936779 |
| 856 | 40|qPDF|s884 Ko|uhttps://publications.gc.ca/collections/collection_2024/sp-ps/PS9-35-2024-fra.pdf |